LIBRARY & INFORMATION CENTRE, KCAET, TAVANUR

ONLINE PUBLIC ACCESS CATALOGUE (OPAC)

The Complete Idiot;s guide ot Microsoft Office 2000 / (Record no. 11320)

MARC details
000 -LEADER
fixed length control field 00461cam a2200169ua 4500
003 - CONTROL NUMBER IDENTIFIER
control field OSt
008 - FIXED-LENGTH DATA ELEMENTS--GENERAL INFORMATION
fixed length control field 241226b |||||||| |||| 00| 0 eng d
020 ## - INTERNATIONAL STANDARD BOOK NUMBER
ISBN 81-203-1570-7
041 ## - LANGUAGE CODE
Language code of text/sound track or separate title eng
082 ## - DEWEY DECIMAL CLASSIFICATION NUMBER
Classification number 005.369
Item number KRA/TH
100 ## - MAIN ENTRY--AUTHOR NAME
Personal name Kraynak, Joe .
245 ## - TITLE STATEMENT
Title The Complete Idiot;s guide ot Microsoft Office 2000 /
260 ## - PUBLICATION, DISTRIBUTION, ETC. (IMPRINT)
Place of publication New Delhi :
Name of publisher Prentice Hall of India Pvt Ltd. ,
Year of publication 1999.
300 ## - PHYSICAL DESCRIPTION
Number of Pages 330 ; .
650 ## - SUBJECT ADDED ENTRY--TOPICAL TERM
Topical Term Computers
942 ## - ADDED ENTRY ELEMENTS (KOHA)
Koha item type Books
Holdings
Withdrawn status Lost status Damaged status Home library Current library Date acquired Full call number Accession Number Koha item type
      KAUAET KAUAET 07/04/2012 005.369 KRA/TH 20644 Books
free website counter